All Cities on a Map by Letter - J - Statistics

General Stats
  • This quiz has been taken 15 times
  • The average score is 53 of 796
Answers on the Map
Answers color-coded by a green-red scale on the quiz's map according to % correct below.
 
Answer Stats
Country City population City % Correct
Israel 936425 Jerusalem
86%
South Africa 7860781 Johannesburg
86%
United States 331332 Jackson
79%
United States 81058 Jackson
79%
United States 74049 Jackson
79%
United States 59352 Jackson
79%
United States 15532 Jackson
79%
United States 10746 Jackson
79%
United States 9292 Jackson
79%
United States 8831 Jackson
79%
United States 1303156 Jacksonville
79%
United States 109958 Jacksonville
79%
United States 29285 Jacksonville
79%
United States 17490 Jacksonville
79%
United States 14345 Jacksonville
79%
United States 14186 Jacksonville
79%
India 12000 Jai
71%
Bhutan 6243 Jakar
71%
Indonesia 33756000 Jakarta
71%
Iran 31436 Jam
71%
Philippines 45628 Jones
71%
Nigeria 622802 Jos
71%
United States 31969 Juneau
71%
India 3073350 Jaipur
64%
India 10259 Jaipur
64%
United States 28401 Jamestown
64%
United States 15774 Jamestown
64%
Saint Helena, Ascension, and Tristan da Cunha 714 Jamestown
64%
Saudi Arabia 4697000 Jeddah
64%
Mexico 1321004 Juárez
64%
South Sudan 459342 Juba
64%
Germany 110791 Jena
57%
China 568900 Jin’e
57%
Sweden 112766 Jönköping
57%
Peru 21462 Juli
57%
United States 20535 Jefferson
50%
United States 14249 Jefferson
50%
United States 9984 Jefferson
50%
United States 42565 Jefferson City
50%
United States 149785 Joliet
50%
Guatemala 31601 Jerez
43%
Spain 213688 Jerez de la Frontera
43%
China 12361 Jin’an
43%
China 5606374 Jinan
43%
United States 18245 Johnstown
43%
United States 18075 Johnstown
43%
United States 88490 Joplin
43%
Philippines 79189 Jaen
36%
Spain 112074 Jaén
36%
Peru 81587 Jaén
36%
United States 74640 Janesville
36%
Korea, South 435413 Jeju
36%
United States 289691 Jersey City
36%
China 4469176 Ji’an
36%
Taiwan 82840 Ji’an
36%
Finland 78175 Joensuu
36%
Costa Rica 11685 Jacó
29%
Kyrgyzstan 89004 Jalal-Abad
29%
Pakistan 40000 Jalalabad
29%
Afghanistan 263312 Jalālābād
29%
India 172000 Jalālābād
29%
India 16113 Jalālābād
29%
United States 16421 Jasper
29%
United States 14480 Jasper
29%
United States 50176 Jeffersonville
29%
Latvia 54701 Jelgava
29%
United States 29559 Johnston
29%
United States 24196 Johnston
29%
United States 79187 Jonesboro
29%
Philippines 39566 Jordan
29%
Finland 147856 Jyväskylä
29%
India 1267564 Jabalpur
21%
United States 23601 Jacksonville Beach
21%
India 873725 Jalandhar
21%
India 1558000 Jamshedpur
21%
Poland 21494 Jawor
21%
Poland 88998 Jaworzno
21%
Indonesia 413283 Jayapura
21%
United States 8719 Jeannette
21%
Korea, South 341545 Jeonju
21%
West Bank 20907 Jericho
21%
United States 14117 Jericho
21%
India 507000 Jhānsi
21%
China 3521078 Jiaozuo
21%
Taiwan 10056 Jiji
21%
China 4410000 Jilin
21%
China 72806 Jingzhou
21%
China 1463990 Jinhua
21%
Uganda 300000 Jinja
21%
China 2703853 Jinzhou
21%
Brazil 833932 João Pessoa
21%
India 1033918 Jodhpur
21%
India 25892 Jodhpur
21%
United States 82115 Johns Creek
21%
United States 129818 Johnson City
21%
United States 15130 Johnson City
21%
Malaysia 497097 Johor Bahru
21%
Philippines 137266 Jolo
21%
Brazil 174567 Juazeiro
21%
Brazil 540756 Juiz de Fora
21%
Brazil 15329 Jupi
21%
United States 61097 Jupiter
21%
Brazil 9849 Juru
21%
United States 106244 Jurupa Valley
21%
Spain 13883 Jaca
14%
Brazil 19539 Jacaré
14%
Brazil 240275 Jacareí
14%
India 460468 Jalgaon
14%
Indonesia 612162 Jambi
14%
India 479920 Jāmnagar
14%
West Bank 49908 Janīn
14%
Brazil 45223 Jaraguá
14%
Brazil 133497 Jaú
14%
United States 12313 Jefferson Hills
14%
United States 28988 Jeffersontown
14%
United States 26519 Jenks
14%
Belgium 52728 Jette
14%
China 2156505 Jiamusi
14%
China 4630300 Jiangmen
14%
China 1595138 Jiangyin
14%
China 5577814 Jieyang
14%
Czechia 53986 Jihlava
14%
Ethiopia 125876 Jijiga
14%
China 8081905 Jining
14%
China 281716 Jining
14%
China 16493 Jinji
14%
China 142948 Jinjiang
14%
China 4600276 Jiujiang
14%
Mexico 215357 Jiutepec
14%
China 1502060 Jixi
14%
India 44235 Jora
14%
Brazil 286120 Juazeiro do Norte
14%
Austria 9614 Judenburg
14%
Peru 276110 Juliaca
14%
Germany 33359 Jülich
14%
United States 22431 Junction City
14%
Brazil 401896 Jundiaí
14%
Latvia 52154 Jūrmala
14%
Czechia 46226 Jablonec nad Nisou
7%
Brazil 706000 Jaboatão
7%
Brazil 581556 Jaboatão dos Guararapes
7%
Pakistan 200815 Jacobabad
7%
Sri Lanka 88138 Jaffna
7%
Serbia 34892 Jagodina
7%
Bosnia and Herzegovina 12000 Jajce
7%
India 37256 Jāle
7%
India 29620 Jāmai
7%
Cuba 15000 Jamaica
7%
India 12732 Jāmi
7%
India 502197 Jammu
7%
Finland 16123 Janakkala
7%
Brazil 182660 Jaraguá do Sul
7%
Colombia 13748 Jardín
7%
United Kingdom 27526 Jarrow
7%
Iran 16860 Jāsk
7%
United States 12900 Jennings
7%
United States 9679 Jennings
7%
Colombia 12103 Jericó
7%
Bangladesh 243987 Jessore
7%
Germany 14913 Jever
7%
China 907500 Jiaozhou
7%
China 1518654 Jiaxing
7%
Algeria 131513 Jijel
7%
Ethiopia 120960 Jīma
7%
India 167592 Jīnd
7%
China 101297 Jingping
7%
China 212739 Jinshi
7%
Uzbekistan 202200 Jizzax
7%
Japan 187291 Jōetsu
7%
Estonia 4851 Jõgeva
7%
Canada 49246 Joliette
7%
Lithuania 27134 Jonava
7%
Brazil 10304 Jordânia
7%
Japan 59314 Jōsō
7%
Lebanon 102221 Joünié
7%
Finland 10659 Joutseno
7%
Brazil 34906 Juara
7%
India 320250 Jūnāgadh
7%
Argentina 85420 Junín
7%
Peru 10976 Junín
7%
Colombia 8720 Junín
7%
United States 12372 Justice
7%
Germany 12661 Jüterbog
7%
Yemen 29495 Ja‘ār
0%
Gaza Strip 172704 Jabālyā
0%
Belgium 13880 Jabbeke
0%
India 8746 Jabera
0%
Syria 75505 Jablah
0%
Bosnia and Herzegovina 10580 Jablanica
0%
Philippines 24855 Jabonga
0%
Brazil 20406 Jaboticatubas
0%
Brazil 71821 Jabuticabal
0%
Mexico 12057 Jacala
0%
Guatemala 44605 Jacaltenango
0%
Brazil 14436 Jacaraci
0%
Brazil 14450 Jacaraú
0%
Brazil 7590 Jacareacanga
0%
Brazil 39322 Jacarèzinho
0%
Brazil 28569 Jaciara
0%
Brazil 11042 Jacinto
0%
United States 9458 Jacinto City
0%
Brazil 10624 Jacinto Machado
0%
Haiti 137966 Jacmel
0%
Brazil 82590 Jacobina
0%
Mexico 68781 Jacona de Plancarte
0%
Côte d’Ivoire 49694 Jacqueville
0%
Brazil 37707 Jacundá
0%
Brazil 16097 Jacupiranga
0%
Brazil 25525 Jacutinga
0%
India 11952 Jadayāmpālaiyam
0%
India 17958 Jadcherla
0%
India 15083 Jadia
0%
India 11254 Jādopur Shukul
0%
India 10161 Jādupatti
0%
India 25081 Jāfarābād
0%
Iran 9387 Ja‘farīyeh
0%
Madagascar 22000 Jafaro
0%
India 9329 Jāffar Khānpet
0%
Morocco 10060 Jafra
0%
India 124894 Jagādhri
0%
India 19462 Jagalūr
0%
India 9183 Jagannādapuram
0%
India 79901 Jagannāthaprasād
0%
India 10996 Jagannāthpur
0%
India 8599 Jagannāthpur
0%
Bangladesh 19830 Jagatpur
0%
India 9750 Jagatpur
0%
India 325463 Jagdalpur
0%
India 11225 Jagdīshpur
0%
India 16259 Jagdispur
0%
India 37072 Jagdīspur
0%
India 18879 Jaggampeta
0%
India 53530 Jaggayyapeta
0%
India 48994 Jaggisettigūdem
0%
Pakistan 27000 Jaglot
0%
Philippines 35832 Jagna
0%
India 66982 Jagoniguda
0%
India 65240 Jagraon
0%
India 8582 Jagta
0%
India 9682 Jagtiāl
0%
Brazil 15122 Jaguapitã
0%
Brazil 45964 Jaguaquara
0%
Brazil 26603 Jaguarão
0%
Brazil 32703 Jaguarari
0%
Brazil 17232 Jaguaretama
0%
Brazil 10579 Jaguari
0%
Brazil 35141 Jaguariaíva
0%
Brazil 10356 Jaguaribara
0%
Brazil 33726 Jaguaribe
0%
Brazil 17659 Jaguaripe
0%
Brazil 58722 Jaguariúna
0%
Brazil 31701 Jaguaruana
0%
Brazil 20375 Jaguaruna
0%
Cuba 87771 Jagüey Grande
0%
India 9319 Jahāngīrpur Sālkhani
0%
Iran 141634 Jahrom
0%
Brazil 19170 Jaicós
0%
Morocco 13193 Jaidte Lbatma
0%
India 8846 Jaimalpura
0%
India 8602 Jainagar
0%
India 21651 Jaipur Chuhar
0%
India 65471 Jaisalmer
0%
India 9758 Jaisinghnagar
0%
India 9571 Jaisinghnagar
0%
India 24101 Jaisinghpur
0%
India 37377 Jaito
0%
India 12946 Jaitpur
0%
India 12000 Jaitpura
0%
India 11758 Jaitwār
0%
Iran 19580 Jājarm
0%
India 9223 Jājireddigūdem
0%
India 42555 Jājpur
0%
India 16127 Jakkampālaiyam
0%
Finland 19475 Jakobstad
0%
Mexico 44488 Jalacingo
0%
India 10748 Jaladurgam
0%
Philippines 34017 Jalajala
0%
India 18581 Jalakandāpuram
0%
Bangladesh 54029 Jālākāti
0%
Somalia 11800 Jalalaqsi
0%
India 8732 Jalālkhera
0%
India 16246 Jalālpur
0%
India 9773 Jalālpur
0%
Pakistan 40897 Jalalpur Bhattian
0%
Pakistan 90130 Jalalpur Jattan
0%
India 13000 Jalam
0%
India 47845 Jalandhar Cantonment
0%
Guatemala 192676 Jalapa
0%
Nicaragua 54491 Jalapa
0%
Mexico 37749 Jalapa
0%
India 35860 Jalārpet
0%
Iraq 30000 Jalawlā’
0%
Brazil 48776 Jales
0%
Nepal 23533 Jaleshwar
0%
India 13063 Jālhalli
0%
Belgium 8590 Jalhay
0%
India 10381 Jālihalli
0%
Nigeria 660213 Jalingo
0%
India 9534 Jalkaura
0%
India 393000 Jālna
0%
Uzbekistan 24000 Jalolquduq
0%
India 54081 Jalor
0%
Mexico 16679 Jalpa de Méndez
0%
India 107341 Jalpāiguri
0%
Mexico 27343 Jalpan
0%
Guatemala 31601 Jalpatagua
0%
India 12621 Jalpura
0%
Mexico 11875 Jaltenango
0%
Mexico 26359 Jaltenco
0%
Mexico 41644 Jáltipan de Morelos
0%
Mexico 10265 Jaltocan
0%
Somalia 129149 Jamaame
0%
Morocco 11865 Jamaat Shaim
0%
Bangladesh 167900 Jamālpur
0%
India 105221 Jamālpur
0%
India 30008 Jamālpur
0%
India 15426 Jamālpur
0%
Dominican Republic 15390 Jamao al Norte
0%
Mexico 11132 Jamapa
0%
Mexico 24753 Jamay
0%
India 19814 Jāmbai
0%
Colombia 16353 Jambaló
0%
Indonesia 55650 Jambe
0%
India 42476 Jambughoda
0%
India 9209 Jambukuttaippatti
0%
India 43344 Jambusar
0%
United States 11738 James Island
0%
India 11362 Jamhor
0%
India 9196 Jamhra
0%
India 32645 Jamikunta
0%
Mexico 19201 Jamiltepec
0%
Philippines 38670 Jamindan
0%
India 13469 Jamira
0%
Iraq 65300 Jamjamāl
0%
India 158380 Jāmkhed
0%
India 46069 Jammalamadugu
0%
Finland 19182 Jämsä
0%
India 11478 Jamsaut
0%
Pakistan 80000 Jamshoro
0%
India 90426 Jāmtāra
0%
India 87357 Jamūī
0%
India 9387 Jamunāmukh
0%
Colombia 130114 Jamundí
0%
India 9075 Jāmunia
0%
India 12837 Janāi
0%
India 44059 Jānakammapeta
0%
Nepal 97776 Janakpur
0%
India 13533 Jānapādu
0%
India 9515 Janāpul
0%
Brazil 66803 Janaúba
0%
Brazil 21408 Jandaia do Sul
0%
Brazil 9285 Jandaíra
0%
India 10170 Jandiāla
0%
Brazil 126356 Jandira
0%
Pakistan 9126 Jandola
0%
India 120000 Jandrapeta
0%
India 10088 Jangalapalle
0%
India 9000 Jangalapalli
0%
India 44562 Jangamguda
0%
Madagascar 10000 Jangany
0%
India 52394 Jangaon
0%
India 15190 Jangīd
0%
India 88165 Jangipur
0%
India 8704 Janglot
0%
Kyrgyzstan 11647 Jangy-Kyshtak
0%
Kyrgyzstan 21049 Jangy-Nookat
0%
India 9042 Janhapāra
0%
Philippines 66786 Janiuay
0%
Gambia, The 3584 Janjanbureh
0%
India 40561 Jānjgīr
0%
India 10284 Jankampet
0%
South Africa 24220 Jan Kempdorp
0%
India 12319 Jānkinagar
0%
Iran 13598 Jannat Shahr
0%
Poland 11308 Janów Lubelski
0%
India 9313 Jānpur
0%
Indonesia 9440 Jantho
0%
Brazil 67852 Januária
0%
Brazil 9051 Januário Cicco
0%
France 8618 Janzé
0%
Libya 88073 Janzūr
0%
India 74907 Jaorā
0%
Brazil 9219 Japaratinga
0%
Brazil 16864 Japaratuba
0%
Brazil 105548 Japeri
0%
Brazil 12938 Japoatã
0%
Brazil 9144 Japurá
0%
Brazil 8858 Japurá
0%
Morocco 10733 Jaqma
0%
Panama 2386 Jaqué
0%
Brazil 10247 Jaqueira
0%
Dominican Republic 68585 Jarabacoa
0%
Syria 11570 Jarābulus
0%
Egypt 20427 Jarājūs
0%
Mexico 36584 Jaral del Progreso
0%
Syria 114363 Jaramānā
0%
Ecuador 28397 Jaramijó
0%
Pakistan 150380 Jaranwala
0%
Jordan 50745 Jarash
0%
Brazil 27411 Jardim
0%
Brazil 23981 Jardim
0%
Brazil 12004 Jardim Alegre
0%
Brazil 13977 Jardim de Piranhas
0%
Brazil 11655 Jardim do Seridó
0%
Argentina 25705 Jardín América
0%
Brazil 41799 Jardinópolis
0%
Brazil 30617 Jarinu
0%
Syria 10756 Jarjanāz
0%
Philippines 43758 Jaro
0%
Poland 26399 Jarocin
0%
Czechia 12541 Jaroměř
0%
Poland 36303 Jarosław
0%
Uzbekistan 22700 Jarqo‘rg‘on
0%
Brazil 50591 Jaru
0%
Cuba 24162 Jaruco
0%
Finland 46490 Järvenpää
0%
France 9362 Jarville-la-Malgrange
0%
Philippines 57055 Jasaan
0%
India 12781 Jasauli
0%
India 8945 Jasauli Patti
0%
India 48483 Jasdan
0%
India 18660 Jasidih
0%
Poland 18014 Jasien
0%
Syria 31683 Jāsim
0%
Poland 33830 Jasło
0%
United States 23151 Jasmine Estates
0%
India 15552 Jasol
0%
India 50523 Jaspur
0%
Croatia 14562 Jastrebarsko
0%
Poland 82788 Jastrzębie-Zdrój
0%
Hungary 25844 Jászberény
0%
Brazil 105729 Jataí
0%
Brazil 11813 Jataìzinho
0%
India 63697 Jatani
0%
India 20590 Jatāra
0%
Brazil 15843 Jataúba
0%
Cuba 42959 Jatibonico
0%
Pakistan 113188 Jauharabad
0%
Peru 27560 Jauja
0%
India 10828 Jauli
0%
India 180362 Jaunpur
0%
Iran 54354 Javānrūd
0%
India 22026 Jāwad
0%
India 15980 Jāwalgeri
0%
India 9416 Jawāsa
0%
Somalia 111308 Jawhar
0%
India 17292 Jawkatiā
0%
India 17000 Jāyal
0%
India 41273 Jayamkondacholapuram
0%
El Salvador 11058 Jayaque
0%
India 217820 Jaynagar
0%
India 25922 Jaynagar-Majilpur
0%
India 16134 Jaypul
0%
Syria 39903 Jayrūd
0%
Saudi Arabia 127743 Jāzān
0%
Morocco 15904 Jbabra
0%
Lebanon 40000 Jbaïl
0%
Morocco 19390 Jdour
0%
Algeria 10240 Jean-Mermoz
0%
Haiti 148416 Jean-Rabel
0%
Nigeria 22411 Jebba
0%
Tunisia 45000 Jedeïda
0%
Poland 14592 Jędrzejów
0%
United States 14195 Jefferson Valley-Yorktown
0%
South Africa 27107 Jeffrey’s Bay
0%
North Macedonia 846 Jegunovce
0%
Latvia 21150 Jēkabpils
0%
Poland 15380 Jelcz-Laskowice
0%
Poland 77305 Jelenia Góra
0%
China 37238 Jelilyüzi
0%
Morocco 9081 Jemaat Oulad Mhamed
0%
Morocco 11299 Jem’at Oulad ’Abbou
0%
Indonesia 298585 Jember
0%
Tunisia 47551 Jendouba
0%
United States 17334 Jenison
0%
United States 12456 Jensen Beach
0%
Korea, South 46452 Jeomchon
0%
Korea, South 110194 Jeonghae
0%
Indonesia 81920 Jepara
0%
South Africa 12589 Jeppe’s Reef
0%
Brazil 12419 Jequeri
0%
Brazil 147202 Jequié
0%
Brazil 22902 Jequitinhonha
0%
Morocco 41014 Jerada
0%
Haiti 30917 Jérémie
0%
Brazil 37626 Jeremoabo
0%
Mexico 57610 Jerez de García Salinas
0%
Spain 9171 Jerez de los Caballeros
0%
Brazil 25555 Jericoacoara
0%
Tunisia 9807 Jerissa
0%
United States 12689 Jerome
0%
Brazil 12265 Jerônimo Monteiro
0%
Slovenia 13702 Jesenice
0%
Czechia 10483 Jesenice
0%
Czechia 10619 Jeseník
0%
United States 9147 Jessup
0%
United States 9863 Jesup
0%
Mexico 43012 Jesús María
0%
Argentina 31602 Jesús María
0%
Mexico 19469 Jesús María
0%
Cuba 46729 Jesús Menéndez
0%
India 11572 Jethuli
0%
India 129653 Jetpur
0%
India 9889 Jettihalli
0%
France 10273 Jeumont
0%
India 25316 Jevargi
0%
India 101145 Jeypore
0%
India 9378 Jhabrera
0%
India 40361 Jhābua
0%
India 17406 Jhagarua
0%
India 10170 Jhakhra
0%
India 19544 Jhalidā
0%
India 14886 Jhandāpur
0%
Pakistan 414131 Jhang City
0%
India 31827 Jhanjhārpur
0%
India 61712 Jhārgrām
0%
India 25875 Jharka
0%
India 124500 Jhārsugra
0%
India 12955 Jhaua
0%
India 10393 Jhāua
0%
Pakistan 190425 Jhelum
0%
Bangladesh 252500 Jhenida
0%
India 9782 Jhitkahiyā
0%
India 10537 Jhonkar
0%
India 10760 Jhundo
0%
India 10684 Jhundpura
0%
Philippines 19205 Jiabong
0%
Taiwan 17838 Jiadong
0%
India 47228 Jiāganj
0%
China 515700 Jiaji
0%
China 11954 Jiajin
0%
China 1045900 Jiancheng
0%
India 12976 Jiānganj
0%
China 4307488 Jiangguanchi
0%
China 21204 Jiangjiadong
0%
China 20015 Jiangjiehe
0%
China 119665 Jiangna
0%
China 494412 Jiangshan
0%
China 467862 Jiangshandicun
0%
China 1065641 Jianguang
0%
China 439958 Jiannan
0%
China 434451 Jian’ou
0%
China 687130 Jianshe
0%
China 169220 Ji’an Shi
0%
Taiwan 9532 Jianshi
0%
China 95163 Jiantang
0%
China 150000 Jiaojiangcun
0%
China 15635 Jiaojiazhuang
0%
Taiwan 34932 Jiaoxi
0%
China 28000 Jiaoxiling
0%
China 14342 Jiaoxiyakou
0%
China 39551 Jiaozishan
0%
China 48274 Jiashizhuangcun
0%
China 312663 Jiayuguan
0%
Yemen 15431 Jiblah
0%
Romania 9677 Jibou
0%
Korea, South 135767 Jicheon
0%
Czechia 16230 Jičín
0%
Dominican Republic 20777 Jicomé
0%
Bahrain 66588 Jidd Ḩafş
0%
India 11570 Jīdigunta
0%
China 35238 Jieshang
0%
China 23311 Jieshang
0%
China 50000 Jieshangya
0%
China 561956 Jieshou
0%
China 406517 Jiexiu
0%
India 10389 Jigani
0%
Cuba 58982 Jiguaní
0%
China 54000 Jihong
0%
Romania 10611 Jilava
0%
Somalia 125000 Jilib
0%
Tajikistan 25382 Jilikŭl
0%
Mexico 87927 Jilotepec
0%
Mexico 16682 Jilotepec
0%
Dominican Republic 30261 Jima Abajo
0%
Cuba 19687 Jimaguayú
0%
Philippines 32256 Jimalalud
0%
Dominican Republic 11414 Jimaní
0%
Romania 10179 Jimbolia
0%
Philippines 28909 Jimenez
0%
Mexico 48859 Jiménez
0%
Costa Rica 10501 Jiménez
0%
China 93281 Jinbi
0%
China 438026 Jinchang
0%
China 54533 Jinchang
0%
China 2194545 Jincheng
0%
China 105038 Jincheng
0%
Taiwan 42675 Jincheng
0%
Syria 13661 Jindayris
0%
Czechia 20747 Jindřichŭv Hradec
0%
China 663408 Jingcheng
0%
China 1618979 Jingdezhen
0%
China 161343 Jinggang
0%
China 154325 Jinghai
0%
China 642737 Jinghong
0%
China 9500 Jingjiazhuang
0%
China 1158640 Jingling
0%
China 85350 Jinhe
0%
China 16493 Jinjicun
0%
China 26393 Jinju
0%
Ethiopia 30249 Jinka
0%
China 43623 Jinku
0%
China 13780 Jinmingsi
0%
Philippines 60865 Jinoba-an
0%
Nicaragua 99382 Jinotega
0%
Nicaragua 42109 Jinotepe
0%
China 71240 Jinsha
0%
China 366512 Jinshan
0%
Taiwan 9532 Jinshui
0%
China 14830 Jinta
0%
China 60086 Jinxing
0%
China 60800 Jinzecun
0%
China 5170 Jinzhong
0%
Brazil 106800 Ji-Paraná
0%
Ecuador 45382 Jipijapa
0%
El Salvador 47784 Jiquilisco
0%
Mexico 24662 Jiquílpan de Juárez
0%
Mexico 11596 Jiquipilas
0%
Brazil 13629 Jiquiriçá
0%
India 13890 Jīran
0%
Egypt 102597 Jirjā
0%
Czechia 19323 Jirkov
0%
Iran 130429 Jīroft
0%
India 26162 Jirwa
0%
China 33022 Jishi
0%
Syria 44322 Jisr ash Shughūr
0%
Syria 9442 Jisrayn
0%
Israel 14930 Jisr ez Zarqā
0%
China 46974 Jitaicun
0%
Brazil 14355 Jitaúna
0%
Nepal 87000 Jitpur
0%
India 10228 Jītpur
0%
India 10829 Jitwārpur Chauth
0%
India 14160 Jitwārpur Kumhra
0%
India 14571 Jitwārpur Nizāmat
0%
China 12533 Jiuduhe
0%
Taiwan 21631 Jiuru
0%
China 205399 Jiutai
0%
India 10624 Jiwachhpur
0%
China 9822 Jixian
0%
India 52360 Jiyyammavalasa
0%
China 124716 Jizhou
0%
China 22032 Jizhuang
0%
Morocco 19755 Jnane Bouih
0%
Brazil 30146 Joaçaba
0%
Brazil 14941 Joaíma
0%
Senegal 45903 Joal-Fadiout
0%
Brazil 12725 Joanópolis
0%
Brazil 27725 João Alfredo
0%
Brazil 33290 João Câmara
0%
Brazil 24709 João Lisboa
0%
Brazil 73610 João Monlevade
0%
Brazil 14079 João Neiva
0%
Brazil 46801 João Pinheiro
0%
Cabo Verde 1699 João Teves
0%
Brazil 17150 Joaquim Gomes
0%
Brazil 13269 Joaquim Nabuco
0%
Brazil 13886 Joaquim Pires
0%
Brazil 11945 Joaquim Távora
0%
Argentina 21045 Joaquín V. González
0%
Cuba 47350 Jobabo
0%
India 13188 Jobat
0%
Guatemala 75578 Jocotán
0%
Guatemala 23492 Jocotenango
0%
Mexico 42164 Jocotepec
0%
Mexico 65291 Jocotitlán
0%
Spain 11366 Jódar
0%
Belgium 14079 Jodoigne
0%
India 9188 Jogaili
0%
India 39281 Jogbani
0%
Iran 9268 Joghtāy
0%
India 8861 Jogiāra
0%
India 22512 Jogipet
0%
Pakistan 29031 Johi
0%
United Kingdom 16090 Johnstone
0%
Estonia 10482 Jõhvi
0%
France 9055 Joigny
0%
Brazil 429604 Joinvile
0%
France 20784 Joinville-le-Pont
0%
Iran 8810 Jolfā
0%
Uzbekistan 10100 Jomasho‘y
0%
Uzbekistan 17400 Jomboy Shahri
0%
Uzbekistan 8700 Jondor Shaharchasi
0%
Lithuania 8466 Joniškis
0%
India 8821 Jonnagiri
0%
Mexico 30798 Jonuta
0%
United States 13397 Joppatowne
0%
Mexico 11042 Joquicingo
0%
India 18126 Jora Khurd
0%
Sweden 10291 Jordbro
0%
India 153249 Jorhāt
0%
India 14323 Jori Kalān
0%
Germany 12395 Jork
0%
Philippines 73381 Jose Abad Santos
0%
Uruguay 2203 José Batlle y Ordóñez
0%
Brazil 36633 José Bonifácio
0%
Mexico 19341 José Cardel
0%
Argentina 216637 José C. Paz
0%
Brazil 42559 José de Freitas
0%
Philippines 12205 Josefina
0%
Argentina 160219 José María Ezeiza
0%
Mexico 11750 José María Morelos
0%
Argentina 41109 José Mármol
0%
Philippines 63662 Jose Pañganiban
0%
India 48202 Joshīmath
0%
Morocco 10039 Jouamaa
0%
Lebanon 14728 Joubb Jannîne
0%
France 38432 Joué-lés-Tours
0%
Netherlands 13090 Joure
0%
France 17411 Jouy-le-Moutier
0%
Cuba 58685 Jovellanos
0%
Philippines 17795 Jovellar
0%
Guatemala 107634 Joyabaj
0%
Japan 72869 Jōyō
0%
Poland 14806 Józefosław
0%
Poland 21035 Józefów
0%
Mexico 30855 Juanacatlán
0%
Puerto Rico 66102 Juana Díaz
0%
Mexico 14162 Juan Aldama
0%
Colombia 14184 Juan de Acosta
0%
Dominican Republic 13062 Juan de Herrera
0%
Venezuela 28256 Juangriego
0%
Peru 54006 Juanjuí
0%
France 60000 Juan-les-Pins
0%
Uruguay 12816 Juan L. Lacaze
0%
Mexico 38895 Juan Rodríguez Clara
0%
Brazil 30716 Juatuba
0%
El Salvador 70959 Juayúa
0%
Brazil 17007 Juazeirinho
0%
Philippines 35297 Juban
0%
Brazil 23922 Jucás
0%
Brazil 11517 Jucati
0%
Germany 24141 Jüchen
0%
Mexico 12251 Juchipila
0%
Mexico 16360 Juchique de Ferrer
0%
Mexico 74825 Juchitán de Zaragoza
0%
Mexico 29436 Juchitepec
0%
El Salvador 18442 Jucuapa
0%
El Salvador 13424 Jucuarán
0%
Brazil 9655 Jucuruçu
0%
Brazil 17793 Jucurutu
0%
India 22001 Jugiāl
0%
Nicaragua 53798 Juigalpa
0%
Brazil 45869 Juína
0%
India 8665 Jujhārpur
0%
El Salvador 39956 Jujutla
0%
India 45165 Jukal
0%
India 13219 Jūla Buzarg
0%
Netherlands 13925 Julianadorp
0%
Brazil 18226 Júlio de Castilhos
0%
Philippines 15598 Julita
0%
China 90311 Julu
0%
Uzbekistan 21500 Juma Shahri
0%
Spain 27263 Jumilla
0%
Nepal 9073 Jumlā
0%
India 87867 Jumri Tilaiyā
0%
China 141736 Jun’an
0%
China 14538 Jun Bel
0%
Puerto Rico 8927 Juncos
0%
Kosovo 6084 Junik
0%
Argentina 18716 Junín de los Andes
0%
India 40000 Junnar
0%
India 22426 Junnārdev
0%
Iran 14433 Jūnqān
0%
Brazil 24722 Junqueiro
0%
Brazil 20831 Junqueirópolis
0%
United States 13394 Jupiter Farms
0%
Belgium 9288 Juprelle
0%
Brazil 19359 Juquiá
0%
Brazil 30642 Juquitiba
0%
Colombia 3239 Juradó
0%
Iran 9234 Jūraqān
0%
India 15612 Jurāwanpur Karāri
0%
Lithuania 10571 Jurbarkas
0%
Belgium 10417 Jurbise
0%
Brazil 13648 Jurema
0%
China 23842 Jurh
0%
Brazil 10012 Juripiranga
0%
China 617706 Jurong
0%
Slovenia 361 Jurovski Dol
0%
Slovenia 381 Juršinci
0%
Brazil 10742 Juruá
0%
Brazil 11084 Juruaia
0%
Brazil 50881 Juruti
0%
Brazil 18266 Jussara
0%
Brazil 16354 Jussara
0%
Argentina 12135 Justo Daract
0%
Brazil 25172 Jutaí
0%
Guatemala 167049 Jutiapa
0%
Honduras 124828 Juticalpa
0%
Mexico 42264 Juventino Rosas
0%
France 13776 Juvignac
0%
France 18978 Juvisy-sur-Orge
0%
Botswana 18784 Jwaneng
0%
Denmark 10701 Jyllinge
0%
Finland 31870 Jyväskylän Maalaiskunta
0%
No matching quizzes found
Score Distribution
Percent of People with Each Score
Percentile by Number Answered
Your Score History
You have not taken this quiz